عرض عادي
عرض مارك
- Maropoulos, P. G.
مدخل إسم شخص
001 - رقم الضبط
- حقل الضبط: 16088
003 - معرف رقم الضبط
- حقل الضبط: OSt
005 - تاريخ ووقت أخر عملية
- حقل الضبط: 20120623133736.0
008 - عناصر بيانات ثابتة الطول
- حقل تحكم ثابت الطول: 120623|||a|||||| | ||| d
040 ## - مصدر الفهرسة
- هيئة الفهرسة الأصلية: OSt
- وكالة الكتابة: OSt
100 ## - مدخل -- أسم شخص
- إسم شخص: Maropoulos, P. G.
- الشكل الكامل للاسم: (Paul G.)
670 ## - بيانات المصدر موجوده
- الاستشهاد بالمصدر: Work cat.: (OSt)0: International Conference on Digital Enterprise Technology (6th : 2009 : Hong Kong, China) 16082, Proceedings of the 6th CIRP-sponsored International Conference on Digital Enterprise Technology, 2010.
